[Event "Eastern Ontario op"]
[Site "Ottawa CAN"]
[Date "2019.06.15"]
[Round "2.2"]
[White "Simic, Dusan"]
[Black "Chiku-Ratte, Olivier-Kenta"]
[Result "0-1"]
[WhiteElo "2148"]
[BlackElo "2465"]
[PlyCount "58"]
[EventDate "2019.06.14"]
[EventType "swiss"]
[EventRounds "5"]
[EventCountry "CAN"]

1. e4 c5 2. Nf3 d6 3. d4 cxd4 4. Nxd4 Nf6 5. Nc3 g6 6. Be3 Bg7 7. f3 a6 8. Qd2
Nbd7 9. O-O-O h5 10. Bc4 b5 11. Bb3 Bb7 12. Kb1 Rc8 13. Rhe1 Qc7 14. Bg5 Nb6
15. f4 Nc4 16. Bxc4 Qxc4 17. e5 dxe5 18. fxe5 Nd5 19. Nxd5 Bxd5 20. b3 Qc7 21.
e6 O-O 22. Bf4 Qc5 23. Be5 f6 24. Bf4 Rfd8 25. Qd3 Kh7 26. g4 hxg4 27. h3 g3
28. Bxg3 f5 29. Be5 Be4 0-1

[Event "Eastern Ontario op"]
[Site "Ottawa CAN"]
[Date "2019.06.15"]
[Round "3.2"]
[White "Chiku-Ratte, Olivier-Kenta"]
[Black "Yao, Houji"]
[Result "1-0"]
[WhiteElo "2465"]
[BlackElo "2231"]
[PlyCount "135"]
[EventDate "2019.06.14"]
[EventType "swiss"]
[EventRounds "5"]
[EventCountry "CAN"]

1. d4 Nf6 2. c4 g6 3. f3 d5 4. cxd5 Nxd5 5. e4 Nb6 6. Nc3 Bg7 7. Be3 O-O 8. Qd2
Nc6 9. O-O-O Qd6 10. Kb1 Rd8 11. e5 Qb4 12. Ne4 Qxd2 13. Rxd2 Nd5 14. Bg5 h6
15. Bh4 Ne3 16. Bb5 Rxd4 17. Bxc6 Rxd2 18. Nxd2 bxc6 19. g4 Bxe5 20. Bxe7 Rb8
21. b3 Ba6 22. Bc5 Bd3+ 23. Kc1 Nd5 24. Nh3 a5 25. Nf2 Ba6 26. a4 Bf4 27. Re1
Bxh2 28. Kc2 Bf4 29. Nde4 Re8 30. Nh3 Be5 31. g5 Bg7 32. Nf4 Rd8 33. gxh6 Nxf4
34. hxg7 Kxg7 35. Be7 Rd5 36. Nf6 Rf5 37. Ne8+ Kg8 38. Nxc7 Be2 39. Ba3 g5 40.
Bb2 Bxf3 41. Ne8 Kh7 42. Bc3 Kg6 43. Nd6 Rd5 44. Nc4 f6 45. Bxa5 g4 46. Bc7 Ne2
47. Ne3 Rd7 48. Bb6 f5 49. Nc4 Kf6 50. a5 Nd4+ 51. Kb2 Nb5 52. a6 Be4 53. Ra1
Na7 54. Rg1 Nb5 55. Bf2 Kg5 56. Ra1 Na7 57. Kc3 g3 58. Rg1 f4 59. Bc5 Nb5+ 60.
Kb4 Kh4 61. Re1 Bg2 62. Re8 Bd5 63. Nb6 f3 64. Nxd7 f2 65. Rf8 Be6 66. Ne5 Kg5
67. Be3+ Kh4 68. Rh8# 1-0

[Event "Eastern Ontario op"]
[Site "Ottawa CAN"]
[Date "2019.06.16"]
[Round "4.1"]
[White "Sambuev, Bator"]
[Black "Chiku-Ratte, Olivier-Kenta"]
[Result "1-0"]
[WhiteElo "2566"]
[BlackElo "2465"]
[PlyCount "95"]
[EventDate "2019.06.14"]
[EventType "swiss"]
[EventRounds "5"]
[EventCountry "CAN"]

1. g3 g6 2. Bg2 Bg7 3. e4 c5 4. Ne2 Nc6 5. O-O d6 6. f4 e6 7. c3 Nge7 8. d4 O-O
9. Be3 b6 10. Nd2 Ba6 11. Nf3 cxd4 12. cxd4 Rc8 13. Qd2 Nb4 14. Rfc1 Rxc1+ 15.
Nxc1 Nbc6 16. Ne2 Qd7 17. Re1 Rc8 18. d5 exd5 19. exd5 Na5 20. b3 Re8 21. Nfd4
Bb7 22. Nc3 Rc8 23. Bf2 Nf5 24. Ncb5 Nxd4 25. Nxd4 Kf8 26. h4 Rc5 27. b4 Nc4
28. Qe2 Rc7 29. Nc6 b5 30. Nxa7 Bc3 31. Rb1 Qf5 32. Rc1 Re7 33. Qc2 Qxc2 34.
Rxc2 Bxb4 35. Nc6 Bxc6 36. dxc6 Bc5 37. Bxc5 dxc5 38. a4 Nd6 39. Rd2 Nc4 40.
Rd8+ Kg7 41. axb5 Nb6 42. Rb8 Na4 43. b6 c4 44. b7 c3 45. c7 Rxc7 46. Rc8 Rc5
47. b8=Q c2 48. Rxc5 1-0

[Event "Eastern Ontario op"]
[Site "Ottawa CAN"]
[Date "2019.06.16"]
[Round "5.2"]
[White "Chiku-Ratte, Olivier-Kenta"]
[Black "Dunne, Francesco"]
[Result "1-0"]
[WhiteElo "2465"]
[BlackElo "2205"]
[PlyCount "59"]
[EventDate "2019.06.14"]
[EventType "swiss"]
[EventRounds "5"]
[EventCountry "CAN"]

1. d4 Nf6 2. c4 e6 3. Nf3 b6 4. g3 Ba6 5. Qc2 Bb7 6. Nc3 c5 7. dxc5 Bxc5 8. Bg2
O-O 9. O-O Nc6 10. Rd1 Rc8 11. Bf4 d5 12. a3 Qe8 13. cxd5 exd5 14. Bh3 Rd8 15.
b4 Be7 16. Nb5 Nxb4 17. axb4 Qxb5 18. Qc7 Bxb4 19. Qxb7 Qxe2 20. Nd4 Qh5 21.
Bg2 Rd7 22. Qc6 Bc5 23. h3 h6 24. g4 Qg6 25. Be5 Rfd8 26. Bxf6 Bxd4 27. Rxd4
Rd6 28. Qb7 Qxf6 29. Rad1 R6d7 30. Rxd5 1-0

[Event "Montreal CC-ch"]
[Site "Montreal CAN"]
[Date "2019.06.07"]
[Round "1.2"]
[White "Chapdelaine, Gwyn"]
[Black "Chiku-Ratte, Olivier-Kenta"]
[Result "0-1"]
[WhiteElo "1613"]
[BlackElo "2444"]
[PlyCount "50"]
[EventDate "2019.06.07"]
[EventType "swiss"]
[EventRounds "5"]
[EventCountry "CAN"]

1. e4 c5 2. Nf3 Nc6 3. d4 cxd4 4. Nxd4 e6 5. Nc3 Qc7 6. Be3 a6 7. g3 Nf6 8. Bg2
h5 9. O-O h4 10. Nxc6 dxc6 11. Re1 e5 12. Bg5 hxg3 13. hxg3 Be6 14. Qe2 Ng4 15.
Bf3 Nh2 16. Rad1 Bc4 17. Qxc4 Nxf3+ 18. Kg2 Nxg5 19. Nd5 Qd8 20. Qc3 cxd5 21.
Qxe5+ Qe7 22. exd5 Rh2+ 23. Kf1 Rh1+ 24. Kg2 Rg1+ 25. Kxg1 Nf3+ 0-1

[Event "Montreal CC-ch"]
[Site "Montreal CAN"]
[Date "2019.06.08"]
[Round "2.2"]
[White "Chiku-Ratte, Olivier-Kenta"]
[Black "Bouchard, Jean-Marc"]
[Result "1-0"]
[WhiteElo "2444"]
[BlackElo "1906"]
[PlyCount "45"]
[EventDate "2019.06.07"]
[EventType "swiss"]
[EventRounds "5"]
[EventCountry "CAN"]

1. d4 d5 2. c4 e6 3. Nf3 f5 4. Bf4 Nf6 5. e3 c6 6. Nc3 Bd6 7. Bd3 O-O 8. O-O
Ne4 9. Qc2 Qe7 10. Rae1 Nd7 11. Nd2 Nxd2 12. Qxd2 Nf6 13. Qc2 g6 14. Kh1 Kg7
15. f3 dxc4 16. Bxc4 e5 17. Bg5 h6 18. Bh4 Be6 19. dxe5 Bxe5 20. Bd3 Qc7 21. f4
Bd6 22. e4 Bxf4 23. exf5 1-0

[Event "Montreal CC-ch"]
[Site "Montreal CAN"]
[Date "2019.06.08"]
[Round "3.2"]
[White "Tanaka, Tyler"]
[Black "Chiku-Ratte, Olivier-Kenta"]
[Result "1/2-1/2"]
[WhiteElo "2230"]
[BlackElo "2444"]
[PlyCount "144"]
[EventDate "2019.06.07"]
[EventType "swiss"]
[EventRounds "5"]
[EventCountry "CAN"]

1. e4 d6 2. d4 Nf6 3. Bd3 g6 4. Nf3 Bg7 5. O-O O-O 6. Re1 Nc6 7. h3 e5 8. c3
Nh5 9. Bf1 h6 10. Na3 Nf4 11. dxe5 dxe5 12. Qxd8 Rxd8 13. Bxf4 exf4 14. Nb5 Rd7
15. Rad1 Re7 16. Nbd4 Bd7 17. Bb5 Nb8 18. Bxd7 Nxd7 19. Ne2 Nc5 20. Nxf4 Rxe4
21. Rxe4 Nxe4 22. Rd7 Nc5 23. Rxc7 Bf8 24. b4 Bd6 25. Rxc5 Bxc5 26. bxc5 Re8
27. Kf1 Re4 28. Ne2 Ra4 29. Nc1 Ra3 30. Nd2 Rxc3 31. Ndb3 Rc2 32. a4 Kf8 33.
Ke1 Ke7 34. Nd3 Rc3 35. Ndc1 Rc4 36. a5 Rc2 37. Nd3 Ra2 38. Ndc1 Rb2 39. Nd2
Ke6 40. Ncb3 Kd5 41. Ke2 Ra2 42. Kd3 f5 43. f4 g5 44. g3 gxf4 45. gxf4 Ra4 46.
Ke3 Rb4 47. Kf3 Kc6 48. Ke3 Kd5 49. Kf3 b6 50. cxb6 axb6 51. axb6 Rxb6 52. Ke3
Re6+ 53. Kf3 Rc6 54. h4 Rc3+ 55. Kg2 Rd3 56. Kf2 h5 57. Kg2 Rc3 58. Kf2 Rc8 59.
Ke3 Rc3+ 60. Kf2 Rd3 61. Kg2 Re3 62. Kf2 Re7 63. Kf3 Rg7 64. Ke3 Rc7 65. Kf3
Rc8 66. Ke3 Ra8 67. Kf3 Rc8 68. Ke3 Rc7 69. Kf3 Rg7 70. Ke3 Rc7 71. Kf3 Rc3+
72. Kf2 Rd3 1/2-1/2

[Event "Montreal CC-ch"]
[Site "Montreal CAN"]
[Date "2019.06.09"]
[Round "4.2"]
[White "Chiku-Ratte, Olivier-Kenta"]
[Black "Zheng, Richard"]
[Result "1-0"]
[WhiteElo "2444"]
[BlackElo "2165"]
[PlyCount "125"]
[EventDate "2019.06.07"]
[EventType "swiss"]
[EventRounds "5"]
[EventCountry "CAN"]

1. d4 d5 2. c4 c6 3. Nf3 Nf6 4. e3 Bf5 5. Nc3 e6 6. Nh4 Be4 7. f3 Bg6 8. Qb3
Qc7 9. Bd2 Nbd7 10. O-O-O Qb6 11. Nxg6 Qxb3 12. axb3 hxg6 13. Bd3 O-O-O 14. h3
Bb4 15. Be1 Rhe8 16. Kb1 Bxc3 17. bxc3 e5 18. Bf2 e4 19. Be2 Nb6 20. Kc2 Re7
21. Ra1 a6 22. f4 Rh8 23. Ra5 Ne8 24. cxd5 cxd5 25. c4 Rc7 26. c5 Nd7 27. Kb2
Nb8 28. b4 Nc6 29. Ra4 Kd7 30. Bd1 f5 31. Bb3 Nf6 32. Kc3 Ke6 33. Raa1 Na7 34.
Kb2 Nc6 35. Kc3 Na7 36. Rag1 Rcc8 37. Bd1 b6 38. g4 Rc7 39. gxf5+ gxf5 40. Kd2
bxc5 41. bxc5 Rb8 42. Bc2 Nc6 43. Ra1 a5 44. Rhb1 Rcb7 45. Rxb7 Rxb7 46. Kc1 g6
47. Be1 Rh7 48. Ba4 Ne7 49. h4 Ng4 50. Ra3 Nc8 51. Be8 Nf6 52. Bb5 Ra7 53. Rxa5
Rxa5 54. Bxa5 Ng4 55. Kd2 Na7 56. Be8 Nh2 57. Bd8 Nf3+ 58. Ke2 Ng1+ 59. Kf2 Nf3
60. Bxg6 Nc6 61. Bg5 Ne7 62. Bxe7 Kxe7 63. h5 1-0

[Event "Montreal CC-ch"]
[Site "Montreal CAN"]
[Date "2019.06.09"]
[Round "5.1"]
[White "Yu, Zong Yang"]
[Black "Chiku-Ratte, Olivier-Kenta"]
[Result "0-1"]
[WhiteElo "2476"]
[BlackElo "2444"]
[PlyCount "74"]
[EventDate "2019.06.07"]
[EventType "swiss"]
[EventRounds "5"]
[EventCountry "CAN"]

1. c4 g6 2. Nc3 Bg7 3. d4 d6 4. e4 Nf6 5. Nf3 O-O 6. Be2 e5 7. O-O Na6 8. Re1
Qe8 9. Bf1 Bg4 10. d5 Nc5 11. b4 Ncd7 12. Rb1 a6 13. Be2 Kh8 14. Be3 Ng8 15. c5
Bh6 16. Bxh6 Nxh6 17. Nd2 Bxe2 18. Qxe2 f5 19. f3 Qe7 20. cxd6 cxd6 21. Rbc1
Rfc8 22. Qd3 f4 23. Rc2 g5 24. h3 Nf7 25. Rec1 h5 26. Nd1 Qd8 27. Nc4 Nf6 28.
Nf2 Kg7 29. a4 g4 30. fxg4 hxg4 31. hxg4 b5 32. axb5 axb5 33. Na5 Rxc2 34. Qxc2
Qb6 35. Kf1 Qe3 36. Rd1 Rh8 37. Rd3 Nxg4 0-1

[Event "St Louis IM"]
[Site "Saint Louis USA"]
[Date "2019.05.16"]
[Round "1.4"]
[White "Chiku-Ratte, Olivier-Kenta"]
[Black "Wu, Rochelle"]
[Result "1/2-1/2"]
[WhiteElo "2378"]
[BlackElo "2174"]
[PlyCount "103"]
[EventDate "2019.05.16"]
[EventType "tourn"]
[EventRounds "9"]
[EventCountry "USA"]
[EventCategory "3"]
[Source "ChessMix"]
[SourceDate "2019.06.01"]

1. d4 Nf6 2. c4 g6 3. f3 d5 4. cxd5 Nxd5 5. e4 Nb6 6. Nc3 Bg7 7. Be3 O-O 8. Qd2
e5 9. d5 c6 {D70: GrÃ1/4nfeld: Unusual White 3rd moves (met by ...d5)} 10.
O-O-O ({Better is} 10. h4 $11) (10. Rd1 cxd5 11. exd5 N8d7 12. Nh3 e4 13. fxe4
Ne5 14. Nf2 f5 15. Bc5 Rf7 16. Be2 f4 17. Bf3 {
1/2-1/2 (25) Aronian,L (2805)-Vachier Lagrave,M (2789) London 2017}) 10... cxd5
$15 11. exd5 Na6 12. h4 Bd7 13. Kb1 Rc8 14. Ne4 Rc7 $146 (14... Qc7 $15 {
stays ahead.}) ({Predecessor:} 14... Nc4 15. Bxc4 Rxc4 16. Ne2 Bf5 17. N2g3 Qd7
18. Bh6 Rd4 19. Qe3 Qxd5 20. Rc1 Nb4 21. b3 Bxe4+ 22. fxe4 Qa5 {
0-1 (22) Quintiliano Pinto,R (2277)-Mendonca,M (2146) Sao Paulo 2011}) 15. Bh6
$2 ({White should try} 15. h5 $18) 15... Nc4 (15... Bxh6 $11 16. Qxh6 Bf5) 16.
Bxc4 $1 $14 Rxc4 17. Bxg7 Kxg7 18. Ne2 Qb6 19. h5 $1 f5 20. Ng5 {
Threatens to win with hxg6.} f4 {[#]} (20... h6 $1 $14) 21. Ne6+ $2 ({
White has to play} 21. g4 $1 $18) 21... Bxe6 $11 {The position is equal.} 22.
dxe6 Qxe6 23. Qd7+ Qxd7 24. Rxd7+ Rf7 25. hxg6 Rxd7 26. Rxh7+ Kxg6 {
[#] ( î (+) ... Rd1+)} 27. Rxd7 {Endgame KRN-KRN} Rc7 28. Rd6+ Kf5 29. Nc3 Rc6
30. Nb5 (30. Rxc6 {seems wilder.} bxc6 31. Kc2 Nb4+ 32. Kd2 Nd5 33. Kd3) 30...
Rxd6 31. Nxd6+ {KN-KN} Kg5 32. a3 Kh4 {aiming for ...Kg3.} 33. Ne4 Nc7 34. Kc2
b5 35. Kd3 Ne6 36. Ke2 Nd4+ 37. Kf2 Nf5 38. Nc3 Nd4 39. Ne4 Nf5 40. Nf6 Nd4 41.
Nd7 Nc6 42. Nc5 Nd4 43. Nd3 Nc6 44. b4 Kg5 45. Ke2 Kh4 46. Kf2 Kg5 47. Ke2 Kh4
48. Kf1 Kg5 49. Ke2 Kh4 50. Kf2 Kg5 51. Ke2 Kh4 52. Kf2 {
Accuracy: White = 68%, Black = 74%.} 1/2-1/2

[Event "St Louis IM"]
[Site "Saint Louis USA"]
[Date "2019.05.17"]
[Round "2.3"]
[White "Gauri, Shankar"]
[Black "Chiku-Ratte, Olivier-Kenta"]
[Result "1/2-1/2"]
[WhiteElo "2375"]
[BlackElo "2378"]
[PlyCount "171"]
[EventDate "2019.05.16"]
[EventType "tourn"]
[EventRounds "9"]
[EventCountry "USA"]
[EventCategory "3"]
[Source "ChessMix"]
[SourceDate "2019.06.01"]

1. d4 f5 2. g3 Nf6 3. Bg2 g6 4. Nh3 Bg7 5. Nf4 O-O 6. h4 Qe8 {
A81: Dutch Defence:  g3 [%emt 0:00:02]} (6... Nc6 7. c3 Qe8 8. Nd2 e5 9. dxe5
Nxe5 10. Nf3 Nxf3+ 11. Bxf3 c6 12. Be3 d5 13. Bd4 Bh6 14. Qc2 Qf7 {
1/2-1/2 (30) Barsov,A (2503) -Kuzubov,Y (2627) Tashkent 2011}) 7. h5 g5 8. h6
Bh8 {White is better.} 9. Nh3 g4 10. Nf4 e6 $146 ({Predecessor:} 10... Qf7 11.
Nc3 d6 12. e4 Nc6 13. Be3 e5 14. dxe5 dxe5 {
1/2-1/2 (38) Olsson,L (2366)-Ivarsson,S (2280) Sweden 2004}) 11. c4 d6 12. Nc3
c6 13. Nd3 e5 14. dxe5 dxe5 15. e4 Qe6 ({Black should try} 15... Na6 $14) 16.
Qd2 Rd8 17. Nc5 ({White should play} 17. b3 $18) 17... Qe7 $16 18. Qg5+ Kf7 19.
Nb3 Na6 20. O-O Nb4 21. exf5 {aiming for Be3.} Rg8 22. Qh4 Nc2 23. Rb1 {
[#] Bg5 is the strong threat.} Nd4 24. Re1 {Strongly threatening Nxd4.} Nxb3 (
24... Nxf5 $14 25. Qh1 Rg6) 25. axb3 Bxf5 26. Ra1 $36 {
Black is under strong pressure.} Qe6 27. Be3 Bg6 28. Bxa7 e4 29. Qh1 Rge8 30.
Bd4 Rxa1 31. Rxa1 Qd6 32. Rd1 Rd8 (32... e3 $142 33. Bxe3 Qb4) 33. Kh2 {
[#] And now Bb6 would win.} Qe6 34. Qe1 Re8 35. Qe3 Qf5 36. Kg1 Re7 37. Ra1 Re8
38. Ra7 Qc8 39. Na4 Re7 (39... Kg8 $142 40. Nc3 Qc7) 40. Nb6 $18 Qc7 41. Ra8
Re8 42. Rxe8 Kxe8 43. Bxf6 Bxf6 44. Bxe4 Kf7 (44... Qe5 {keeps fighting.}) 45.
c5 Qe5 46. Bxg6+ $2 (46. Nc4 $18 Qd4 47. Nd6+ Ke7 48. Qe1 Qxc5 49. Nxb7) 46...
Kxg6 $16 47. Qxe5 (47. Qd3+ $16 Qf5 48. Qe3) 47... Bxe5 $18 {Endgame KB-KN} 48.
Nc4 Bd4 49. b4 Kxh6 50. b3 Bc3 51. Na5 (51. b5 $5) 51... Bxb4 {
The position is equal.} 52. Nxb7 Kg6 53. Nd8 Bxc5 54. Nxc6 Kf6 55. b4 Bb6 56.
Kf1 h5 57. Ke2 Kg5 58. Ne5 h4 59. gxh4+ Kxh4 60. Nd7 Ba7 61. b5 Kh3 62. Nf6 (
62. Ne5 {seems wilder.} g3 63. fxg3 Kxg3 64. Nd7 Kg2 65. b6) 62... g3 63. fxg3
Kxg3 64. Kd3 Kf4 65. Nd7 Kf5 66. Kc4 Ke6 67. Nc5+ Kd6 68. Na4 Bf2 69. Nb2 Kc7
70. Nd3 Be3 71. Nb4 {White wants to mate with Nd5+.} Kb7 72. Nc6 Kb6 (72... Ba7
$5) 73. Kb4 Bd2+ 74. Ka4 Be1 75. Ne5 Kb7 76. Nd3 Bd2 77. Kb3 Be3 78. Kc4 Bg1
79. Kb4 Be3 80. Nc5+ Bxc5+ 81. Kxc5 $11 {KP-K} Kc7 82. b6+ Kb7 83. Kb5 Kb8 84.
Kc6 Kc8 85. b7+ Kb8 86. Kb6 {Accuracy: White = 64%, Black = 61%.} 1/2-1/2

[Event "St Louis IM"]
[Site "Saint Louis USA"]
[Date "2019.05.17"]
[Round "3.3"]
[White "Chiku-Ratte, Olivier-Kenta"]
[Black "Ezra, Paul Chambers"]
[Result "0-1"]
[WhiteElo "2378"]
[BlackElo "2241"]
[PlyCount "98"]
[EventDate "2019.05.16"]
[EventType "tourn"]
[EventRounds "9"]
[EventCountry "USA"]
[EventCategory "3"]
[Source "ChessMix"]
[SourceDate "2019.06.01"]

1. d4 Nf6 2. c4 c5 3. d5 e6 4. Nc3 exd5 5. cxd5 d6 6. e4 g6 7. f4 Bg7 8. Bb5+
Nfd7 9. Nf3 O-O 10. O-O a6 11. Bd3 b5 12. Kh1 Nb6 {
A67: Modern Benoni: Taimanov Variation} (12... Bb7 13. f5 c4 14. Bc2 Re8 15.
Ng5 Ne5 16. fxg6 hxg6 17. Qe1 Nbd7 18. Qh4 Nf8 19. Bf4 f6 20. Ne6 Nxe6 21. dxe6
{0-1 (45) Fier,A (2573)-Antipov,M (2582) Bastia 2017}) 13. f5 N8d7 14. Bg5 Bf6
{White has an edge.} 15. Bf4 Qe7 16. Qd2 Ne5 $146 ({Predecessor:} 16... Bb7 17.
Rae1 Rac8 18. Nd1 Rfe8 19. Qf2 b4 20. Ne3 {
1/2-1/2 (39) Glek,I-Anikaev,Y (2460) Minsk 1983}) 17. Nxe5 Bxe5 18. Bxe5 Qxe5
19. Rf3 Ra7 20. f6 Kh8 21. Raf1 Rg8 22. Qh6 Rc7 23. g4 {
White wants to mate with Rh3.} Nd7 $1 24. g5 {Threatening mate with Qxh7+!} Nf8
$1 25. Rf4 c4 26. Bc2 b4 27. Nd1 Bd7 (27... a5 $11 {remains equal.}) 28. Rh4
$16 b3 29. axb3 ({White should play} 29. Bb1 $1 $16) 29... cxb3 $11 30. Bxb3 {
And now Rff4 would win.} Bb5 $1 31. Rff4 {[#]} (31. Re1 $15) 31... Be2 $1 $40 {
White must now prevent .. .Qd4. Black is out for blood.} 32. Nc3 $2 (32. Rf2
$17 Bh5 33. Rd2) 32... Rxc3 $1 $19 33. bxc3 Qxc3 34. Ba4 {
Kg2 is the strong threat.} Qa1+ 35. Kg2 Qxa4 36. e5 Qa2 37. e6 fxe6 38. dxe6 {
aiming for f7.} Bh5+ 39. Kg3 Qxe6 40. Re4 Qd5 $2 (40... Qb3+ $19 41. Kf2 Qb2+
42. Ke1 Qc1+ 43. Kf2 Qc5+ 44. Kf1 {[#]} Ne6 $1 {Decoy} 45. Rxe6 Qf5+ {
Double Attack} 46. Kg1 Qxe6) 41. Re3 $2 (41. Rhf4 $1 $11 {and White stays safe.
} Qb3+ 42. Kh4) 41... Qd1 {( î (+) ...Qg1+)} 42. Kf4 Qd4+ {Black mates.} 43.
Kg3 Qxe3+ 44. Kg2 Qe2+ 45. Kg1 Qe1+ 46. Kg2 Qxh4 47. f7 Rg7 48. h3 {[#]} Bf3+
$1 {Decoy} 49. Kxf3 Rxf7+ {Accuracy: White = 45%, Black = 75%.} 0-1

[Event "St Louis IM"]
[Site "Saint Louis USA"]
[Date "2019.05.18"]
[Round "4.4"]
[White "Torres Rosas, Luis Carlos"]
[Black "Chiku-Ratte, Olivier-Kenta"]
[Result "1-0"]
[WhiteElo "2320"]
[BlackElo "2378"]
[PlyCount "99"]
[EventDate "2019.05.16"]
[EventType "tourn"]
[EventRounds "9"]
[EventCountry "USA"]
[EventCategory "3"]
[Source "ChessMix"]
[SourceDate "2019.06.01"]

1. d4 Nf6 2. c4 g6 3. Nc3 Bg7 4. e4 d6 5. Nge2 O-O 6. Ng3 e5 7. d5 a5 8. Be2
Na6 9. h4 h5 10. Bg5 Qe8 11. Qd2 Kh7 12. f3 {E70: King's Indian: Miscellaneous
lines with 4 e4, including 5 Nge2 and 5 Bd3 0-0  Nge2 [%emt 0:00:06]} Ng8 13.
O-O-O (13. Nb5 b6 14. a3 Bd7 15. b4 f6 16. Be3 f5 17. exf5 gxf5 18. Bg5 e4 19.
Rb1 exf3 20. gxf3 axb4 21. axb4 Bxb5 22. cxb5 {
1-0 (35) Aronian,L (2794)-Naiditsch,A (2701) Karlsruhe/Baden-Baden 2018}) 13...
f6 $146 ({Predecessor:} 13... a4 14. Rdg1 f6 15. Be3 f5 16. exf5 gxf5 17. Nxh5
Qxh5 18. g4 Qe8 19. h5 a3 {
1-0 (31) Kantor,G (2506)-Nitin,S (2415) Budapest 2017}) 14. Be3 {
White is slightly better.} Bh6 15. Nf1 f5 16. exf5 gxf5 17. Bg5 Qg6 18. Bd3 Nc5
19. Bc2 Nf6 20. Ng3 Ne8 (20... Rf7 $16 21. Bxh6 Qxh6) 21. Nge2 $18 Nf6 22. Rdg1
Rg8 {[#]} (22... e4 {might work better.} 23. Nf4 Bxg5 24. hxg5 Qxg5 25. Nxh5
Qxd2+ 26. Kxd2 Kg8) 23. g4 $1 Bxg5 (23... fxg4 24. Bxg6+) 24. hxg5 (24. Qxg5
Qxg5+ 25. hxg5 Rxg5 $14) 24... Qxg5 25. f4 exf4 26. gxf5 (26. Nxf4 Bd7 $18)
26... Qh6 27. Rxg8 ({Less strong is} 27. Qxf4 Bd7 $14) 27... Kxg8 28. Nxf4 Bd7
$2 {[#]} (28... Qg5 29. Ne6 Qxd2+ 30. Kxd2 Bxe6) 29. Nxh5 $2 (29. Rg1+ $1 $18 {
and the rest is easy.} Ng4 30. Qh2) 29... Qxd2+ $16 30. Kxd2 Nxh5 31. Rxh5 Re8
32. b3 Re5 33. Ne2 Kg7 (33... Ne4+ $16 {was worth a try.} 34. Bxe4 Rxe4) 34.
Ng3 (34. Nd4 $18) 34... Be8 35. Rh4 Bf7 {[#]} (35... c6 $16 {keeps fighting.})
36. Ne2 $1 $18 a4 37. Nd4 ({Don't do} 37. bxa4 $6 Be8 $18) 37... axb3 38. axb3
Nd7 (38... Kg8 {was necessary.} 39. Nf3 Re8) 39. Ne6+ Bxe6 $2 {[#]} (39... Kg8
40. Rg4+ Kh8) 40. Rh7+ $1 Kf8 {...Bf7 is the strong threat.} (40... Kxh7 41.
fxe6+) 41. dxe6 {Endgame KRB-KRN} Nc5 42. Rxc7 b6 43. Ra7 d5 44. b4 Ne4+ 45.
Bxe4 {White mates.} dxe4 46. Rf7+ Ke8 47. Ke3 b5 48. c5 Kd8 49. c6 Kc8 50. e7 {
Accuracy: White = 76%, Black = 34%.} 1-0

[Event "St Louis IM"]
[Site "Saint Louis USA"]
[Date "2019.05.18"]
[Round "5.2"]
[White "Chiku-Ratte, Olivier-Kenta"]
[Black "Grabinsky, Aaron"]
[Result "1-0"]
[WhiteElo "2378"]
[BlackElo "2338"]
[PlyCount "103"]
[EventDate "2019.05.16"]
[EventType "tourn"]
[EventRounds "9"]
[EventCountry "USA"]
[EventCategory "3"]
[Source "ChessMix"]
[SourceDate "2019.06.01"]

1. d4 e6 2. Nf3 Nf6 3. c4 Bb4+ 4. Bd2 a5 5. g3 d6 6. Bg2 Nc6 7. O-O {
E11: Bogo-Indian} e5 8. Bg5 {Strongly threatening a3.} exd4 9. Nxd4 {
White is slightly better.} Bd7 (9... Nxd4 10. Qxd4 h6 11. Bxf6 Qxf6 12. Qxf6
gxf6 13. a3 Bc5 14. Nc3 c6 {
1-0 (51) Giri,A (2714)-Ivanchuk,V (2775) Reggio Emilia 2012}) 10. Nc2 $146 (10.
a3 $16 Bc5 11. Nb5) ({Predecessor:} 10. Nb5 Rc8 11. a3 Bc5 12. N1c3 h6 13. Bxf6
Qxf6 14. Nd5 Qd8 {1-0 (39) Dreev,A (2607)-Apicella,M (2539) Kemer 2007}) 10...
h6 $11 11. Bf4 Bc5 12. Nc3 O-O 13. h3 Re8 14. e4 Ne5 15. Qe2 Bc6 16. Rad1 Qe7
17. Rfe1 Qe6 18. Nd5 Bxd5 19. cxd5 Qd7 20. b3 c6 21. dxc6 bxc6 {[#]} (21...
Nxc6 $11 22. Bd2 Re6) 22. Be3 $1 $16 Bxe3 23. Nxe3 Qc7 24. Nf5 {
Black must now prevent f4.} Rad8 25. Kh2 Ng6 26. Qb2 Kh7 27. Qc3 Rd7 28. Nd4 (
28. f4 $16) 28... c5 29. Nf5 Qb6 30. Ne3 Qb4 31. Qc2 a4 32. bxa4 Ra7 33. a5
Qxa5 34. Nc4 Qxa2 35. Qxa2 Rxa2 36. Nxd6 Re7 37. Kg1 h5 38. h4 Ng4 39. f3 $1
$36 {White has the initiative.} Nf6 40. f4 ({Better is} 40. Ra1 $16 Rd2 41. Nc4
) 40... Ng4 (40... Ra3 $11) 41. Rd5 Rc7 (41... Kg8 $16 {keeps fighting.}) 42.
Rxh5+ $18 Kg8 {[#]} 43. Rg5 $1 Nf2 $2 (43... Nh6 44. Bf1 Ra8) 44. Rb1 c4 45.
Rb8+ Nf8 46. Re5 g6 47. Ree8 c3 48. Rxf8+ {White mates.} Kg7 49. e5 c2 50. Rg8+
Kh6 51. Rh8+ Kg7 52. Rbg8# {Accuracy: White = 54%, Black = 28%.} 1-0